000 00612nam a22001937a 4500
005 20251108174947.0
008 250721s2007 xx 000 0 ara d
082 1 4 _a928.23/عوا
100 1 _aداريل، لورانس
245 1 0 _aعوالم روائية خفايا الكتابة الروائية /
264 1 _aعمان :
_bأزمنة للنشر والتوزيع،
_c2007.
300 _a91ص.
650 1 7 _aالأدباء
650 1 7 _aالروائيون الإنجليز
650 1 7 _aالروايات
700 1 _aبوكرامي، سعيد
_eمترجم
942 _2ddc
_cBK
999 _c122557
_d122557